Jura: Gemeinden nach Einwohnerzahl - Statistiken

Allgemein
  • Dieses Quiz wurde 27 mal gespielt
  • Das Durchschnittsergebnis liegt bei 5 aus 15
Antwortstatistiken
Einwohnerzahl Bezirk Gemeinde % Korrekt
12'618 - Delémont
92%
6434 - Porrentruy
83%
1895 Porrentruy Alle
42%
2615 Franches-Montagnes Saignelégier
33%
2400 Porrentruy Courgenay
25%
3631 Delémont Courrendlin
25%
3313 Delémont Courroux
25%
1690 Porrentruy Fontenais
25%
1263 Porrentruy Clos du Doubs
17%
2644 Delémont Courtételle
17%
1371 Delémont Develier
17%
7167 Delémont Haute-Sorne
17%
1914 Franches-Montagnes Le Noirmont
17%
1528 Franches-Montagnes Les Breuleux
17%
3190 Delémont Val Terbi
17%
Keine übereinstimmenden Quizze gefunden
Verteilung der Resultate
Anzahl Personen mit jedem Resultat
Perzentil nach korrekt beantworteten Fragen
Ihre Resultats-Entwicklung
Sie haben dieses Quiz noch nicht gespielt